| 000 | 00495nam a22001577a 4500 | ||
|---|---|---|---|
| 008 | 230621b |||||||| |||| 00| 0 eng d | ||
| 020 | _a9783452190161 | ||
| 040 |
_aNational Science Library _cNational Science Library |
||
| 080 |
_aR 620.9(038)=30 _bM1.1 |
||
| 245 |
_aDictionary of the energy-producing industry: _bNuclear and non-nuclear energy sources |
||
| 260 |
_aKöln: _bCarl Heymanns, _c1981 |
||
| 300 | _avii, 166p. | ||
| 650 | _aScience | ||
| 653 | _aEnergy | ||
| 942 |
_2udc _cREF |
||
| 999 |
_c46014 _d46014 |
||